The Way of Victorious Praying (Record no. 3283)

MARC details
000 -LEADER
fixed length control field 00515nam a22001817a 4500
003 - CONTROL NUMBER IDENTIFIER
control field OSt
005 - DATE AND TIME OF LATEST TRANSACTION
control field 20181107195755.0
008 - FIXED-LENGTH DATA ELEMENTS--GENERAL INFORMATION
fixed length control field 181107b ||||| |||| 00| 0 eng d
020 ## - INTERNATIONAL STANDARD BOOK NUMBER
International Standard Book Number 0533078849
040 ## - CATALOGING SOURCE
Transcribing agency DLC
082 ## - DEWEY DECIMAL CLASSIFICATION NUMBER
Classification number 248
Item number F672w
100 ## - MAIN ENTRY--PERSONAL NAME
Personal name Fomum, Zacharias Tanee
Dates associated with a name 1945
245 ## - TITLE STATEMENT
Title The Way of Victorious Praying
Remainder of title The Prayer Power Series
Statement of responsibility, etc. Zacharias Tanee Fomum
260 ## - PUBLICATION, DISTRIBUTION, ETC.
Place of publication, distribution, etc. Pune
Name of publisher, distributor, etc. John Prince
Date of publication, distribution, etc. 1988
300 ## - PHYSICAL DESCRIPTION
Extent 193 p.:
Other physical details ill, tables.
650 ## - SUBJECT ADDED ENTRY--TOPICAL TERM
Topical term or geographic name entry element Prayer
General subdivision The Prayer Power Series
942 ## - ADDED ENTRY ELEMENTS (KOHA)
Source of classification or shelving scheme Dewey Decimal Classification
Koha item type Books
Holdings
Withdrawn status Lost status Source of classification or shelving scheme Damaged status Not for loan Collection code Home library Current library Shelving location Date acquired Cost, normal purchase price Total Checkouts Full call number Barcode Date last seen Price effective from Koha item type
    Dewey Decimal Classification     Non-fiction Harvest Mission College Harvest Mission College General Stacks 07.11.2018 90.00   248 F672w 003799 07.11.2018 07.11.2018 Books

OPAC Designed and Maintained by HMC Library Team.
Copyright © HMC Library,Greater Noida, UP.
For any Suggestions/Query Contact library via Email:libhmc@gmail.com